Logo BPK

Biblioteka

Politechniki Koszalińskiej

Patterns and Literary Games in Peter Ackroyd's "Hawksmoor" / (Rekord nr 48124)

Szczegóły MARC
000 -ETYKIETA REKORDU
podpole kontrolne o stałej długości 00777nam a2200217 i 4500
001 - NUMER KONTROLNY REKORDU
pole kontrolne bgj
020 ## - MIĘDZYNARODOWY ZNORMALIZOWANY NUMER KSIĄŻKI - ISBN
ISBN 8385843434 (pbk)
040 ## - ŹRÓDŁO KATALOGOWANIA
Instytucja, która utworzyła rekord BPK
041 0# - KOD JĘZYKA
Kod języka tekstu eng
920 ## - Międzynarodowy znormalizowany numer książki – ISBN
ISBN 83-85843-43-4 (pbk)
008 - POLE O STAŁEJ DŁUGOŚCI - DANE KONTROLNE
podpole kontrolne o stałej długości s uk f |000 0 eng
100 1# - NAZWA OSOBOWA
Nazwa osobowa MALCOLM, David.
245 10 - TYTUŁ/ODPOWIEDZIALNOŚĆ
Tytuł Patterns and Literary Games in Peter Ackroyd's "Hawksmoor" /
Pozostałe elementy strefy tytułu i oznaczenia odpowiedzialności David Malcolm.
260 ## - STREFA ADRESU WYDAWNICZEGO
Miejsce wydania Gdańsk :
Nazwa wydawcy/dystrybutora Wydawnictwo Gdańskie,
Data publikacji, dystrybucji/powstania dokumentu 1995.
300 ## - STREFA OPISU FIZYCZNEGO
Objętość 53 pp ;
Rozmiary 20 cm.
490 1# - STREFA SERII I DOKUMENTU WIELOCZĘŚCIOWEGO - FORMA NIE DO WYSZUKIWANIA
Tytuł i oznaczenie odpowiedzialności serii Interpratations of British literature / Andrzej Zgorzelski, red. nacz. ;
Numeracja w obrębie serii 10
600 19 - HASŁO PRZEDMIOTOWE W FORMIE NAZWY OSOBOWEJ
Nazwa osobowa Ackroyd Peter
Tytuł dzieła "Hawskmoor"
650 #9 - HASŁO PRZEDMIOTOWE W FORMIE NAZWY OGÓLNEJ LUB JEDNOSTKOWEJ
Nazwa ogólna lub geograficzna [English literature
Określnik ogólny Criticism and interpretations
Określnik chronologiczny 20th century]
830 #0 - HASŁO DODATKOWE SERII LUB DOKUMENTU WIELOCZĘŚCIOWEGO - TYTUŁ UJEDNOLICONY
Tytuł ujednolicony Interpratations of British literature (Andrzej Zgorzelski, red. nacz.) ;
Oznaczenie tomu 10
942 ## - DODATKOWE ELEMENTY (KOHA)
Typ dokumentu Książka
Egzemplarze
Wycofany Status egzemplarza Uszkodzony Dostępność Lokalizacja stała Lokalizacja bieżąca Miejsce przechowywania Sygnatura Kod kreskowy Typ dokumentu
      Dostępny Biblioteka Politechniki Koszalińskiej Biblioteka Politechniki Koszalińskiej Wypożyczalnia Językowa KA 5263 09023321 Książka
      Dostępny Biblioteka Politechniki Koszalińskiej Biblioteka Politechniki Koszalińskiej Wypożyczalnia Językowa KA 5264 09023314 Książka
© 2023 Biblioteka Politechniki Koszalińskiej :: KOHA